R.P. Thomae Sanchez ... é Societate Jesu, de sancto matrimonii sacramento disputationum tomus primus (Record no. 164549)

MARC details
000 -LEADER
campo de control de longitud fija 01059nam a2200277 i 4500
001 - NÚMERO DE CONTROL
campo de control 164549
003 - IDENTIFICADOR DE NÚMERO DE CONTROL
campo de control ES-MaACL
005 - FECHA Y HORA DE LA ÚLTIMA TRANSACCIÓN
campo de control 20250929063242.0
008 - DATOS DE LONGITUD FIJA--INFORMACIÓN GENERAL
campo de control de longitud fija 981029s1726 it |||| | lat d
040 ## - FUENTE DE CATALOGACIÓN
Centro catalogador/agencia de origen CAM
Lengua de catalogación spa
Centro/agencia transcriptor CAM
100 1# - ENTRADA PRINCIPAL--NOMBRE DE PERSONA
Nombre de persona Sánchez, Tomás,
Fechas asociadas al nombre 1550-1610
9 (RLIN) 133050
245 10 - MENCIÓN DEL TÍTULO
Título R.P. Thomae Sanchez ... é Societate Jesu, de sancto matrimonii sacramento disputationum tomus primus
Resto del título : complectitur hic tomus libros VI...
246 3# - FORMA VARIANTE DEL TITULO
Título propio/Titulo breve De sancto matrimonii sacramento
250 ## - MENCION DE EDICION
Mención de edición Posterior et accuratior editio...
260 ## - PUBLICACIÓN, DISTRIBUCIÓN, ETC.
Lugar de publicación, distribución, etc. Venetiis :
Nombre del editor, distribuidor, etc. Apud Nicolaum Pezzana,
Fecha de publicación, distribución, etc. 1726.
300 ## - DESCRIPCIÓN FÍSICA
Extensión [80], 380 p. ;
Dimensiones Fol.
595 ## -
-- Datos de ed. preceden a la explicación de contenido del t.
596 ## - NOTA AL PIE DE IMPRENTA
NOTA AL PIE DE IMPRENTA Marca tip. en port.
597 ## - NOTA DE DESCRIPCIÓN FÍSICA
NOTA DE DESCRIPCIÓN FÍSICA Sign.: a4, b-d8, e-f6, A-Z8, 2A6.
597 ## - NOTA DE DESCRIPCIÓN FÍSICA
NOTA DE DESCRIPCIÓN FÍSICA Texto a dos col.
597 ## - NOTA DE DESCRIPCIÓN FÍSICA
NOTA DE DESCRIPCIÓN FÍSICA Antep.
597 ## - NOTA DE DESCRIPCIÓN FÍSICA
NOTA DE DESCRIPCIÓN FÍSICA Port. a dos tintas.
650 #4 - PUNTO DE ACCESO ADICIONAL DE MATERIA--TÉRMINO DE MATERIA
Término de materia o nombre geográfico como elemento de entrada Matrimonio-
Subdivisión general Aspectos religiosos-
-- Cristianismo.
9 (RLIN) 162990
852 ## - LOCALIZACIÓN
Ubicación ES-MaACL
Número de control de estantería R-1558-59
Nota libre - Enc. piel
Encuadernación - Olim: G-1939-40
Holdings
Estatus retirado Estado de pérdida Estado de daño No para préstamo Colección Biblioteca de origen Biblioteca actual Ubicación en estantería Fecha de adquisición Total de préstamos Signatura topográfica completa Código de barras Visto por última vez Precio de reemplazo Tipo de ítem Koha
        Libros del s. XVIII Biblioteca del Ateneo de Madrid Biblioteca del Ateneo de Madrid Depósito 17/01/2008   R-1558-59 1172486 23/02/2023 23/02/2023 Libro impreso antiguo